Metódy spotrebiteľského vzdelávania v Európskej únii
Problematika spotrebiteľského vzdelávania a spotrebiteľskej výchovy. Metódy spotrebiteľského vzdelávania a ich zapracovanie do bežného života. Výchova racionálneho spotrebiteľa, ktorý sa vie orientovať na trhu ako aj presadzovať svoje práva. 15. marec - svetový deň spotrebiteľských práv.
Uložené v:
| Hlavný autor: | |
|---|---|
| Ďalší autori: | |
| Médium: | Kapitola |
| Jazyk: | Slovak |
| Predmet: | |
| Tagy: |
Žiadne tagy, Buďte prvý, kto otaguje tento záznam!
|
MARC
| LEADER | 00000naa$a2200000$$$4500 | ||
|---|---|---|---|
| 001 | 0121019 | ||
| 005 | 20240522075352.7 | ||
| 041 | 0 | |a slo | |
| 044 | |a SK | ||
| 245 | 1 | 0 | |a Metódy spotrebiteľského vzdelávania v Európskej únii |c Mária Dzurová, Marína Korčoková |
| 520 | |a Problematika spotrebiteľského vzdelávania a spotrebiteľskej výchovy. Metódy spotrebiteľského vzdelávania a ich zapracovanie do bežného života. Výchova racionálneho spotrebiteľa, ktorý sa vie orientovať na trhu ako aj presadzovať svoje práva. 15. marec - svetový deň spotrebiteľských práv. | ||
| 610 | 2 | 0 | |a spotrebitelia |
| 610 | 2 | 0 | |a práva spotrebiteľské |
| 610 | 2 | 0 | |a správanie spotrebiteľa |
| 610 | 2 | 0 | |a vzdelávanie |
| 610 | 2 | 0 | |a výchova |
| 610 | 2 | 0 | |a teória a prax |
| 610 | 2 | 0 | |a Európska únia |
| 100 | 1 | |a Dzurová, Mária | |
| 700 | 1 | |a Korčoková, Marína, 1970- | |